Central Library OPAC University of Rajshahi

The measurement of production movements / (Record no. 43758)

MARC details
000 -LEADER
fixed length control field 01050cam a22002891 4500
001 - CONTROL NUMBER
control field 43758
003 - CONTROL NUMBER IDENTIFIER
rucl marc code BD-RjUL
005 - DATE AND TIME OF LATEST TRANSACTION
control field 20211209053741.0
008 - FIXED-LENGTH DATA ELEMENTS--GENERAL INFORMATION
fixed length control field 160627s1948 enk 00110 eng d
035 ## - SYSTEM CONTROL NUMBER
System control number (BD-RjUL)43876
System control number 2867438
040 ## - CATALOGING SOURCE
Original cataloging agency ANL
Language of cataloging eng
Modifying agency ABS
-- ANL
Transcribing agency BD-RjUL
041 ## - LANGUAGE CODE
Language code of text/sound track or separate title eng
082 0# - DEWEY DECIMAL CLASSIFICATION NUMBER
Classification number 338
Author mark and year CAM 1948
100 1# - MAIN ENTRY--PERSONAL NAME
Personal name Carter, Charles Frederick,
Dates associated with a name 1863-1939.
9 (RLIN) 134496
245 14 - TITLE STATEMENT
Title The measurement of production movements /
Statement of responsibility, etc. by C.F. Carter, W.B. Reddaway and R. Stone.
260 ## - PUBLICATION, DISTRIBUTION, ETC. (IMPRINT)
Place of publication, distribution, etc. London :
Name of publisher, distributor, etc. Cambridge University Press,
Date of publication, distribution, etc. 1948.
300 ## - PHYSICAL DESCRIPTION
Pagination vii, 135 p. :
Illustrations ill. ;
Size 24 cm.
490 1# - SERIES STATEMENT
Series statement University of Cambridge, Department of Applied Economicsmonographs ;
Volume/sequential designation 1
500 ## - GENERAL NOTE
General note Includes index.
650 #0 - SUBJECT ADDED ENTRY--TOPICAL TERM
Topical term or geographic name as entry element Index numbers (Economics)
9 (RLIN) 134497
Topical term or geographic name as entry element Production (Economic theory)
9 (RLIN) 134498
700 1# - ADDED ENTRY--PERSONAL NAME
Personal name Reddaway, W. B.
Fuller form of name (William Brian),
Dates associated with a name 1913-
Personal name Stone, Richard.
830 #0 - SERIES ADDED ENTRY--UNIFORM TITLE
Uniform title Monographs (University of Cambridge. Department of Applied Economics)
Volume number/sequential designation 1.
942 ## - ADDED ENTRY ELEMENTS (KOHA)
Source of classification or shelving scheme Dewey Decimal Classification
Koha item type Books
Holdings
Lost status Source of classification or shelving scheme Damaged status Not for loan Collection code Permanent Location Current Location Shelving location Date acquired Source of acquisition Cost, normal purchase price Total Checkouts Full call number Date last seen Copy number Koha item type
  Dewey Decimal Classification     Non-fiction Central Library, University of Rajshahi Central Library, University of Rajshahi   08/10/1957 Zeitlinger 53.00   338 CAM 1948 27/06/2016 C-2 Books